01170 a2200229 4500003000500000005001700005010001700022020002500039040000900064082001300073100002500086245018200111260004500293300004100338505037300379650002600752650004600778650002600824650004900850651001100899700003000910Nust20170207165831.0 a 2005050962 a1-4039-4244-7 (inb.) cNust00a658.40381 aCarayannis, Elias G.10aE-development toward the knowledge economy : (E-BOOK)bleveraging technology, innovation and entrepreneurship for "smart" development /cElias G. Carayannis and Caroline M. Sipp aBasingstoke :bPalgrave Macmillan,c2006 axi, 255 s. :bdiagr., tab. ;c23 cm. aPart I ICT and e-Development Policies in the Knowledge Economy (Page-1) Part II e-Development Policies and Strategies toward the Knowledge Economy (Page-23) Part III e-Development Case Studies (Page-61) Part IV From e-Development toward the Knowledge Economy: Analysis of Evidence from the Case Studies (Page-183) Part V Recommendations and Conclusions (Page-215)  0aEconomic development. 0aInformation technologyxEconomic aspects. 0aKnowledge management. 0aTechnological innovationsxEconomic aspects. aE-Book1 aSipp, Caroline M.,d1978-